Real World Cast Members Quiz Stats

 Plays Quiz not verified by Sporcle

Support Sporcle.
Go Orange.
Score 0/163 Timer 10:00
0 Plays Today
Season Cast Member % Correct
San Francisco substituteJo
91.7%
MiamiDan
84%
LondonMike
80.6%
MiamiMike
80.6%
New York IIMike
80.6%
Key WestJohn
77.2%
New OrleansDanny
73.1%
AustinDanny
73.1%
San FranciscoPuck
72.7%
AustinWes
68.7%
MiamiSarah
68.5%
PhiladelphiaSarah
68.5%
HollywoodSarah
68.5%
BrooklynSarah
68.5%
Los AngelesDavid
68.1%
SeattleDavid
68.1%
New OrleansDavid
68.1%
HollywoodDavid
68.1%
New York IICoral
65.5%
San FranciscoRachel
64.4%
New York IIRachel
64.4%
AustinRachel
64.4%
HawaiiRuthie
64.2%
San DiegoBrad
63.6%
Las VegasFrank
63.4%
Key WestPaula
63%
MiamiJoe
62.4%
DenverJenn
60.6%
ParisCT
59.8%
AustinMelinda
59.6%
New York IEric
59.4%
AustinJohanna
59.4%
New York IJulie
58.8%
New OrleansJulie
58.8%
LondonKat
58%
Los AngelesBeth
57%
Los AngelesJon
57%
Los Angeles substituteBeth
57%
Las VegasTrishelle
56.4%
San FranciscoPedro
55.4%
PhiladelphiaLandon
55.4%
Las VegasSteven
54.7%
ParisAdam
54.5%
HawaiiMatt
53.5%
New OrleansMatt
53.5%
MiamiMelissa
52.5%
New OrleansMelissa
52.5%
ChicagoTonya
51.3%
ParisAce
50.7%
New OrleansJamie
50.3%
San DiegoJamie
50.3%
San DiegoRobin
49.5%
ChicagoChris
48.7%
SydneyDunbar
48.7%
SeattleStephen
47.7%
Season Cast Member % Correct
DenverStephen
47.7%
HollywoodJoey
47.7%
CancunJoey
47.7%
SydneyKelly Anne
47.5%
New York IKevin
47.3%
New York IIKevin
47.3%
PhiladelphiaMJ
46.5%
Las VegasAlton
46.1%
Key WestTyler
45.9%
BostonSyrus
45%
San DiegoFrankie
45%
BrooklynRyan
44.6%
HawaiiTeck
43.6%
SydneyCohutta
43.2%
Key WestSvetlana
42.6%
Los AngelesIrene
42.2%
SeattleIrene
42.2%
HawaiiAmaya
41.8%
Las VegasBrynn
41%
BostonMontana
40.8%
HawaiiColin
40.6%
ParisMallory
40.2%
DenverColie
40.2%
New York IAndre
40%
ChicagoCara
39.8%
ChicagoAneesa
39.6%
BrooklynChet
39.4%
DenverBrooke
39.2%
Las VegasIrulan
38.6%
BostonSean
38.2%
DenverAlex
38%
CancunCJ
38%
San DiegoRandy
37.6%
ChicagoKyle
37.4%
BostonGenesis
36%
San FranciscoJudd
35.2%
HollywoodGreg
34.9%
Hollywood substituteNick
34.3%
Key WestJose
34.1%
HollywoodKimberly
33.9%
DenverDavis
33.5%
SydneyShauvon
33.3%
San DiegoCameran
32.7%
AustinNehemiah
32.5%
BostonJason
32.1%
New York IINicole
32.1%
Las VegasArissa
32.1%
ParisChristina
32.1%
HawaiiJustin
31.9%
San FranciscoPam
31.7%
BostonElka
31.7%
Los AngelesAaron
31.5%
DenverTyrie
31.5%
Key WestZach
31.1%
SydneyIsaac
30.9%
Season Cast Member % Correct
New York INorman
30.7%
SeattleLindsay
30.7%
SydneyTrisha
30.7%
SydneyParisa
30.7%
BostonNathan
30.3%
New York IILori
29.9%
New OrleansKelley
29.5%
ChicagoTheo
29.5%
ParisLeah
29.1%
CancunDerek
29.1%
AustinLacey
28.9%
MiamiFlora
28.7%
New York IBecky
28.3%
SeattleRebecca
28.3%
San FranciscoCory
27.9%
Key WestJanelle
27.7%
CancunEmilee
27.7%
ChicagoKeri
27.3%
CancunAyiiia
27.3%
CancunBronne
27.1%
Los AngelesTami
26.9%
New York IIMalik
26.9%
PhiladelphiaKaramo
26.5%
HollywoodBrianna
26.5%
HawaiiKaia
26.3%
BrooklynKatelynn
26.3%
LondonJacinda
26.1%
Sydney substituteAshli
25.9%
Los AngelesDominic
25.7%
New York IHeather B.
25.5%
San Diego substituteCharlie
25.3%
BrooklynScott
25%
CancunJonna
25%
SeattleJanet
24.6%
San DiegoJacquese
24.4%
LondonNeil
24%
HollywoodWilliam
23.8%
San FranciscoMohammed
23.6%
ParisSimon
23.2%
PhiladelphiaWillie
23.2%
CancunJasmine
23.2%
BrooklynBaya
22.6%
PhiladelphiaMelanie
22.4%
PhiladelphiaShavonda
22.2%
BostonKameelah
22%
BrooklynJD
21%
LondonSharon
20.8%
MiamiCynthia
20.4%
LondonLars
20.2%
LondonJay
19.8%
Hollywood substituteBrittini
18%
Los Angeles substituteGlen
17.2%
BrooklynDevyn
15%

You're not logged in!

Compare scores with friends on all Sporcle quizzes.
OR
Log In

From the Vault

Saturday Sudoku X

by Joshie_the_great

Don't worry if you can't do this, the X means there are at least 9 others to try.
Remove Ads.
Support Sporcle.
Get the best of Sporcle when you Go Orange. This ad-free experience offers more features, more stats, and more fun while also helping to support Sporcle. Thank you for becoming a member.

Show Comments

Extras

Top Quizzes Today


Score Distribution

Your Account Isn't Verified!

In order to create a playlist on Sporcle, you need to verify the email address you used during registration. Go to your Sporcle Settings to finish the process.

Report this User

Report this user for behavior that violates our Community Guidelines.

Details: